Biochimie du sperme /

Bibliographic Details
Main Author: Mann, Thaddeus, 1908-
Format: Book
Language:French
English
Published: Paris : Presses Universitaires de France, 1956.
Series:Bibliotheque scientifique internationale : sciences pures
Subjects:

MARC

Tag First Indicator Second Indicator Subfields
LEADER 00000cam a2200000 i 4500
001 in00000349371
005 20151011073244.0
008 780303s1956 fr a b 00110 fre d
035 |a (OCoLC)03686350 
035 |9 ABP3031AM 
040 |a TXA  |c TXA  |d UtOrBLW 
041 1 |a fre  |a eng 
049 |a TXAM  |c [296967] 
090 |a QP255  |b .M2314 
100 1 |a Mann, Thaddeus,  |d 1908- 
245 1 0 |a Biochimie du sperme /  |c T. Mann ; traduit de langlais par Michel Brochart. 
264 1 |a Paris :  |b Presses Universitaires de France,  |c 1956. 
300 |a vi, 271 pages :  |b illustrations ;  |c 23 cm. 
336 |a text  |b txt  |2 rdacontent 
337 |a unmediated  |b n  |2 rdamedia 
338 |a volume  |b nc  |2 rdacarrier 
490 0 |a Bibliotheque scientifique internationale : sciences pures 
500 |a Translation of The biochemistry of semen. 
504 |a Includes bibliographical references and index. 
650 0 |a Semen. 
650 0 |a Generative organs, Male. 
650 0 |a Biochemistry. 
999 |a MARS 
999 f f |s d5737ba0-af77-35ca-aaed-0ba9f5b490f3  |i 8feb65f5-27f7-3015-affc-eb9c326abd3d  |t 0 
952 f f |p ric  |a Texas A&M University  |b Rellis Campus  |c Joint Library Facility  |d Remote Storage  |t 0  |e QP255 .M2314  |h Library of Congress classification  |i unmediated -- volume  |m A14805005395 
998 f f |a QP255 .M2314  |t 0  |l Remote Storage